| 000 | 01230nam a2200325 i 4500 | ||
|---|---|---|---|
| 001 | 196807 | ||
| 003 | SpMaBN | ||
| 005 | 20250804062715.0 | ||
| 008 | 241204s2024 xx |||||||||||00| ||spa|| | ||
| 017 |
_aB 10387-2024 _bOficina Depósito Legal Barcelona |
||
| 020 | _a9788401033308 | ||
| 035 | _a(OCoLC)1455937676 | ||
| 040 |
_aSpMaBN _bspa _cSpMaBN _erda |
||
| 100 | 1 |
_9103919 _aSastre, José Luis _eaut |
|
| 245 | 1 | 0 | _aLas frases robadas |
| 250 |
_aPrimera edición: septiembre 2024 _bTercera reimpresión: septiembre 2024 |
||
| 260 |
_aBarcerlona : _bPenguin Random House Grupo Editorial, _c2024. |
||
| 264 | _a©2024 | ||
| 300 |
_a259 páginas ; _c23 cm |
||
| 336 |
_aTexto _2rdacontent |
||
| 337 |
_asin mediación _2rdamedia |
||
| 338 |
_avolumen _2rdacarrier |
||
| 655 | 0 |
_aNovelas _9234319 |
|
| 852 |
_aES-MaACL _cDEPOJ _jN-10236 _gDedicatoria autógrafa del autor _hDonación: José Luis Sastre _xEncuadernación rústica con solapas _9206362 |
||
| 903 |
_9103919 _aSastre, José Luis _ednr |
||
| 942 |
_cMONOGRAFIA _n0 |
||
| 999 |
_c196807 _d196807 |
||